000 00410nam a2200181Ia 4500
001 1208
005 20260306140615.0
008 260306t1979||||xx |||||||||||||| ||spa||
041 _aESP
082 _a189.2
_bF41 T. 2
100 _aFernandez, Clemente
_eAUT
245 0 _aLos filósofos medievales
260 _c1979
300 _a
_c19 cm.
650 _aGEN
654 _aCHU
942 _cLIB
_dJUS
_fJUS
_2ddc
_n
999 _c1208
_d1208